| 000 | 00552nam a2200169Ia 4500 | ||
|---|---|---|---|
| 003 | GCL | ||
| 008 | 140319s9999 xx 000 0 ara d | ||
| 040 |
_aGCL / _cGCL |
||
| 082 | 0 | 4 |
_a952 _bم ا |
| 100 | 1 | _aمحمد عبدالقادر حاتم | |
| 245 | 1 | 0 |
_aاسرار تقدم اليابان / _cمحمد عبدالقادر حاتم |
| 300 | _a943 ص | ||
| 490 |
_aالهيئة العامة للاستعلامات _v0 |
||
| 650 | 0 | 4 | _aاليابان - الاحوال الاجتماعية |
| 650 | 0 | 4 | _aاليابان - تاريخ |
| 942 |
_2ddc _cBK |
||
| 999 |
_c52163 _d52163 |
||